Egypt at its origins 6 : proceedings of the Sixth International Conference "Origin of the state. Predynastic and Early Dynastic Egypt", Vienna, 10th-15th September 2017 /

This volume represents the 6th installment of proceedings of the successful international conference series "Origin of the State. Predynastic and Early Dynastic Egypt", which this time was held at the University of Vienna in Austria from 10th to 15th of September 2017. With this new peer-r...

Full description

Saved in:

Corporate Author: International Conference "Origin of the State, Predynastic and Early Dynastic Egypt" Vienna, Austria)

Other Authors: Köhler, E. Christiana (Editor), Nora Kuch (Editor), Friedrike Junge (Editor), Anna-Kathrin Jeske (Editor)

Format: Conference Proceeding Book

Language: English
French
German

Published: Leuven ; Bristol, CT : Peeters, 2021.

Series: Orientalia Lovaniensia analecta ; 303.

Subjects:

Tags: Add Tag

No Tags, Be the first to tag this record!

Call Number: DS1 .O7 v.303

LEADER 04423nam a22006257a 4500
003 OSt
005 20260429054011.0
008 260429t20212021be abce b 100 0 eng d
010 |a  2022435466 
020 |a 9789042940666  |q (cloth) 
020 |a 9042940662 
020 |z 9789042940673  |q (eisbn) 
024 3 |a 9789042940666 
035 |a 22901431 
035 |a (OCoLC)1313510762 
040 |a OHX  |b eng  |c OHX  |e rda  |d HUL  |d ERASA  |d OCLCF  |d IND  |d PAU  |d JHE  |d IND  |d DLC 
041 0 |a eng  |a fre  |a ger 
042 |a lccopycat 
043 |a f-ua--- 
050 1 4 |a DS1  |b .O7 v.303 
072 7 |a DT  |2 lcco 
082 0 4 |a 932-933 
111 2 |a International Conference "Origin of the State, Predynastic and Early Dynastic Egypt"  |n (6th :  |d 2017 :  |c Vienna, Austria) 
245 1 0 |a Egypt at its origins 6 :  |b proceedings of the Sixth International Conference "Origin of the state. Predynastic and Early Dynastic Egypt", Vienna, 10th-15th September 2017 /  |c edited by E. Christiana Köhler [and 3 others]. 
246 3 |a Egypt at its origins six 
264 1 |a Leuven ;  |a Bristol, CT :  |b Peeters,  |c 2021. 
264 4 |c ©2021 
300 |a xiii, 814 pages :  |b illustrations (some color), maps (some color), plans, portrait ;  |c 26 cm. 
336 |a text  |b txt  |2 rdacontent 
337 |a unmediated  |b n  |2 rdamedia 
338 |a volume  |b nc  |2 rdacarrier 
490 0 |a Orientalia Lovaniensia analecta ;   |x 0777-978X ;  |v 303 
504 |a Includes bibliographical references. 
520 8 |a This volume represents the 6th installment of proceedings of the successful international conference series "Origin of the State. Predynastic and Early Dynastic Egypt", which this time was held at the University of Vienna in Austria from 10th to 15th of September 2017. With this new peer-reviewed volume of focused research on early Egypt, the 41 contributors dedicated their research to various questions surrounding prehistoric Egypt, the emergence of Pharaonic civilization and the territorial state. While some papers present new archaeological results from on-going excavations, others involve the analysis and interpretation of previously known evidence from the different regions along the Nile Valley. A large group of papers specifically discuss the area of ancient Memphis, which was also a central theme of the conference helping to summarize 20 years of research at the archaeological site of Helwan. Following the good tradition of previous Origins conferences, a very large number of papers are dedicated to the area of Lower Egypt and the Nile Delta from early prehistoric through to the early Old Kingdom periods. These papers highlight the significance and enormous progress of archaeological fieldwork in an area that was long considered an uninhabitable swampland in prehistoric times. Other papers report on new fieldwork at different sites in a largely unexplored region of the Egyptian Nile Valley - the Eastern Desert of Middle Egypt, where active mining on a very large scale has taken place raising questions about the organization and scale of such activities during the formative periods of Egyptian civilization. There are numerous contributions on archaeological evidence from sites in Upper Egypt and their material culture, many of which having been excavated long ago but offering the opportunity to raise new questions. 
546 |a 38 English, 2 French, 1 German contribution. 
648 7 |a To 332 B.C.  |2 fast 
650 0 |a Excavations (Archaeology)  |z Egypt  |v Congresses. 
650 7 |a Antiquities.  |2 fast  |0 (OCoLC)fst00810745 
650 7 |a Excavations (Archaeology)  |2 fast  |0 (OCoLC)fst00917564 
651 0 |a Egypt  |x Antiquities  |v Congresses. 
651 0 |a Egypt  |x History  |y To 332 B.C.  |v Congresses. 
651 7 |a Egypt.  |2 fast  |0 (OCoLC)fst01208755 
655 7 |a Conference papers and proceedings.  |2 fast  |0 (OCoLC)fst01423772 
655 7 |a History.  |2 fast  |0 (OCoLC)fst01411628 
655 7 |a Conference papers and proceedings.  |2 lcgft  |0 http://id.loc.gov/authorities/genreForms/gf2014026068 
700 1 |a Köhler, E. Christiana,  |e editor. 
700 1 |a Nora Kuch,  |e editor. 
700 1 |a Friedrike Junge,  |e editor. 
700 1 |a Anna-Kathrin Jeske,  |e editor. 
776 0 8 |z 9789042940673  |i e-book version 
830 0 |a Orientalia Lovaniensia analecta ;  |v 303. 
906 |a 7  |b cbc  |c copycat  |d 2  |e ncip  |f 20  |g y-gencatlg 
942 |2 lcc  |c BK 
955 |b rf29 2022-12-14 z-processor  |i rf29 2022-12-14 to CMD 
999 |c 62198  |d 62198